LEADER 01179nam a2200277 a 4500 001 000000134153 003 CaOOAMICUS 005 20130530104823.0 008 130530s1971 pau u000 u eng r 020 $a978-0-8122-1023-1 040 $aPUL$bita 082 04$a171 100 1 $aPaton, Herbert James,$d1887-$0(OLS)http://pul/name/53527 245 14$aThe categorical imperative :$ba study in Kant's moral philosophy /$cH.J. Paton. 260 $aPhiladelphia :$bUniversity of Pennsylvania Press,$c1971. 300 $a283 p. ;$c22 cm 504 $aBibliografia in nota. 600 14$aKant, Immanuel,$d1724-1804$xEtica.$0(OLS)http://pul/subject/35246 850 $aPUL 852 $aPUL$W1$xSL Filosofia 3$y81$m171 PATHE 1$j154233$qDDC 21$B153787$CPULBib$Z2$F153787 $H122408 $82 941 1 $a9 996 $6020$a978-0-8122-1023-1$9(OLS)http://pul/number/152882 996 $6082$a171$9(OLS)http://pul/classification/681 996 $6245$aThe categorical imperative :$ba study in Kant's moral philosophy$9(OLS)http://pul/title/169595 996 $6260$aPhiladelphia :$bUniversity of Pennsylvania Press$9(OLS)http://pul/publisher/69193 LEADER 01714namaa2200373 i 4500 001 000000178072 003 CaOOAMICUS 005 20250916133743.0 007 tu 008 250916s1984 it a 000 u ita r 020 $a88-311-2612-1* 040 $aPUL$bita$erda 082 0 $a234.2 100 1 $aOlivero, Ernesto,$d1940-,$eautore.$0(OLS)http://pul/name/100658 245 10$aDomande difficili :$bla fede, la morte, la preghiera, il senso della vita, Gesù... sono ancora domande da porre all'uomo di oggi? /$cErnesto Olivero ; presentazione del card. Michele Pellegrino. 250 $a4.edizione 264 4$c©1980. 264 1$aRoma :$bCittà Nuova,$c[1984] 300 $a215 pagine :$bilIustrazioni ;$c20 cm 336 $atesto$btxt$2rdacontent 337 $asenza mediazione$bn$2rdamedia 338 $avolume$bnc$2rdacarrier 650 4$aSalvezza.$0(OLS)http://pul/subject/2067 650 4$aVirtù teologali.$0(OLS)http://pul/subject/12274 700 1 $aPellegrino, Michele,$ccardinale,$d1903-1986,$eautore di introduzione.$0(OLS)http://pul/name/4242 850 $aPUL 852 $aPUL$W1$xDP1 Fondo Liberati$y125$m2 C 5$j32075$qFondi$B207077$CPULBib$Z2$F207077 $HLib45 $82 941 1 $a1 996 $6020$a88-311-2612-1*$9(OLS)http://pul/number/170590 996 $6082$a234.2$9(OLS)http://pul/classification/592 996 $6245$aDomande difficili :$bla fede, la morte, la preghiera, il senso della vita, Gesù... sono ancora domande da porre all'uomo di oggi?$9(OLS)http://pul/title/219628 996 $6264$aRoma :$bCittà Nuova$9(OLS)http://pul/publisher/47927 996 $6264$a[S.l.] :$b[s.n.]$9(OLS)http://pul/publisher/0